Protocolo para la encapsulación estéril por el método de extrusión de células productoras del Virus de Inmunodeficiencia Bovino (V.I.B.)
Enregistré dans:
| Auteur principal: | |
|---|---|
| Format: | Livre |
| Publié: |
San José, C.R.
2000
|
| Sujets: | |
| Tags: |
Ajouter un tag
Pas de tags, Soyez le premier à ajouter un tag!
|
MARC
| LEADER | 00000nam a2200000Ia 4500 | ||
|---|---|---|---|
| 003 | 010205 | ||
| 005 | 20221231144205.0 | ||
| 008 | 140114s2000 cr a m 000 ||s d | ||
| 040 | |c cru CEDI | ||
| 090 | |a TFG 4226 | ||
| 100 | |a González Villalobos, Karolina |9 7987 | ||
| 245 | |a Protocolo para la encapsulación estéril por el método de extrusión de células productoras del Virus de Inmunodeficiencia Bovino (V.I.B.) | ||
| 260 | |c 2000 |a San José, C.R. | ||
| 300 | |a 129 hojas : ilustraciones, fotografías color | ||
| 500 | |a Proyecto de graduación (licenciatura en ingeniería química)--Universidad de Costa Rica. Facultad de Ingenieria. Escuela de Ingeniería Química | ||
| 650 | |x GANADO BOVINO |x BIOINGENIERIA |x MICROENCAPSULADO |x GANADO BOVINO |x ENFERMEDADES |x VIH |9 7988 | ||
| 942 | |c TFG | ||
| 999 | |c 18209 |d 18209 | ||
